LEADER 00905nam0 2200289 450 001 000025683 005 20090511140320.0 100 $a20090511d1979----km-y0itay50------ba 101 0 $aeng 102 $aGB 105 $aa-------001yy 200 1 $aDescriptive physical oceanography$ean introduction$fby George L. Pickard 205 $a3rd edition (in SI units) 210 $aOxford [etc.]$cPergamon press$d1979 215 $aIX, 233 p.$cill.$d22 cm 451 0$1001000001822 451 0$1001000025675 451 0$1001000022485 500 10$aDescriptive physical oceanography$942101 610 1 $aOceanografia 676 $a551.46$v20$9Oceanografia 700 1$aPickard,$bGeorge L.$0602907 801 0$aIT$bUNIPARTHENOPE$c20090511$gRICA$2UNIMARC 912 $a000025683 951 $aDISAM 551.46/11$bM 1735$cDISAM$d2009 996 $aDescriptive Physical Oceanography$942101 997 $aUNIPARTHENOPE